| 000 | 00807nam a22002177a 4500 | ||
|---|---|---|---|
| 005 | 20130725081434.0 | ||
| 008 | 130724b2000 -c ||||| |||| 00| 0 spa d | ||
| 020 | _a9280719246 | ||
| 041 | _aeng | ||
| 044 | _acn | ||
| 082 |
_a338.9 _bU58c |
||
| 245 |
_aCartagena protocol on biosafety to the convention on biological diversity : _btext and annexes _cSecretariat of the convention on biological diversity |
||
| 246 | _aCartagena protocol on biosafety | ||
| 260 |
_aMontreal (Canadá) _bSecretariat of the convention on biological diversity _c2000 |
||
| 300 |
_a30 p. _c21 cm. |
||
| 650 |
_abiological diversity _9921 |
||
| 650 |
_abiosafety _9922 |
||
| 650 |
_aCartagena protocol _zCartatega (Colombia) _9923 |
||
| 710 |
_aSecretariat of the convention on biological diversity _9924 |
||
| 942 |
_2ddc _cIMPRESO |
||
| 999 |
_c7445 _d7445 |
||